|
|
|
|
| LEADER |
01100nam a22002892aa4500 |
| 001 |
000913871 |
| 003 |
CZ BrMZK |
| 005 |
20090203124029.0 |
| 007 |
ta |
| 008 |
080925m19831984xr er|||||||||||cze d |
| 040 |
|
|
|a BOA001
|b cze
|
| 080 |
9 |
|
|a 621.74(075.8)
|
| 080 |
9 |
|
|a 378.662
|
| 100 |
1 |
|
|a Rusín, Karel,
|d 1937-
|7 jk01103086
|4 aut
|
| 245 |
1 |
0 |
|a Teorie slévárenských procesů /
|c Karel Rusín
|
| 250 |
|
|
|a 1. vyd.
|
| 260 |
|
|
|a Praha :
|b Státní nakladatelství technické literatury,
|c 1983-1984
|
| 300 |
|
|
|a 2 sv.
|
| 505 |
0 |
|
|a 1. 1983. 223 s. -- 2. 1984. 97 s.
|
| 550 |
|
|
|a Vydavatel: Vysoké učení technické v Brně, Strojní fakulta
|
| 710 |
2 |
|
|a Vysoké učení technické v Brně.
|b Strojní fakulta
|7 kn20010709428
|
| 910 |
|
|
|a BOA001
|b 4-0866.881
|s 1-2
|
| 964 |
|
|
|a Slévárenské procesy - teorie - učebnice - vysoké školy
|
| 990 |
|
|
|a BK
|
| 991 |
|
|
|b 200809
|
| 996 |
6 |
|
|b BC-606589
|c 4-0866.881
|d 1.
|v 1
|l MZK
|r Sklad / do 1 hodiny
|n 0
|w 000913871
|u 000010
|a 1
|e BOA001
|j MZK50
|s P
|
| 996 |
6 |
|
|b BC-606590
|c 4-0866.881
|d 2.
|v 2
|l MZK
|r Sklad / do 1 hodiny
|n 0
|w 000913871
|u 000020
|a 1
|e BOA001
|j MZK50
|s P
|